Statistics for What is Hunter?

Click here to take the quiz!

General Stats

  • This quiz has been taken 16 times
    (10 since last reset)
  • The average score is 7 of 9

Answer Stats

HintAnswer% Correct
What is Hunter's max bench?210lbs
100%
What is Hunter's max deadlift?455lbs
100%
Does Hunter workout at planet fitness regularly?No
100%
What can Hunter's dad not do?Swim, He sinks
100%
Is Hunter part of the 1000lb club?Yes
100%
What does Hunter have in his basement?A Gym
50%
What is a common name for Hunter?Hunts2k
50%
What does Hunter do competitions in?Powerlifting
50%
What is Hunter's max squat?353lbs
0%

Score Distribution

Percentile by Number Answered

Percent of People with Each Score

Your Score History

You have not taken this quiz since the last reset